Statistics for Premier League PFA Team of the Season

Click here to take the quiz!

General Stats

  • This quiz has been taken 93 times
  • The average score is 37 of 44

Answer Stats

Club / Position Answer % Correct
Tottenham / FWHarry Kane
99%
Leicester City / FWJamie Vardy
97%
Manchester United / GKDavid de Gea
97%
Chelsea / DFJohn Terry
95%
Liverpool / FWLuis Suárez
94%
Leicester City / MFRiyad Mahrez
94%
Manchester City / DFVincent Kompany
92%
Chelsea / GKPetr Čech
91%
Everton / FWRomelu Lukaku
91%
Leicester City / MFN'Golo Kanté
90%
Chelsea / MFEden Hazard
88%
Leicester City / DFWes Morgan
87%
Liverpool / FWDaniel Sturridge
86%
Tottenham / DFDanny Rose
86%
Chelsea / FWDiego Costa
85%
Tottenham / MFDele Alli
85%
Liverpool / MFSteven Gerrard
85%
Chelsea / DFDavid Luiz
82%
Chelsea / DFGary Cahill
82%
Tottenham / DFKyle Walker
78%
Liverpool / MFSadio Mané
78%
Manchester City / MFYaya Touré
78%
Everton / DFSéamus Coleman
77%
West Ham United / MFDimitri Payet
77%
Arsenal / DFHéctor Bellerín
76%
Liverpool / MFPhilippe Coutinho
76%
Tottenham / DFToby Alderweireld
72%
Southampton / MFAdam Lallana
72%
Southampton / DFRyan Bertrand
64%
Chelsea / DFBranislav Ivanović
64%
Arsenal / MFAlexis Sánchez
60%
Southampton / DFLuke Shaw
53%
Chelsea / MFNemanja Matić
45%

Score Distribution

Percentile by Number Answered

Percent of People with Each Score

Your Score History

You have not taken this quiz